00353nam a2200121Ia 4500008004100000041000800041082001600049100003200065245004500097260004800142300003200190365000900222240624s9999 xx 000 0 und d aeng a332.673 UNC aUNITED NATIONS PUBLICATIONS aHANDBOOK ON FOREIGN DIRECT INVESTMENT BY c1998aNew YorkbUnited Nations Publications axiii, : 200 : p. : cm. ; 29 cb30